Österreichische Städte auf Russisch - Statistiken

Allgemein
  • Dieses Quiz wurde 51 mal gespielt
  • Das Durchschnittsergebnis liegt bei 15 aus 20
Antwortstatistiken
Kyrillisch Stadt % Korrekt
Грац Graz
95%
Зальцбург Salzburg
93%
Инсбрук Innsbruck
91%
Линц Linz
88%
Кремс Krems
84%
Санкт-Пёльтен Sankt Pölten
84%
Леобен Leoben
81%
Винер-Нойштадт Wiener Neustadt
81%
Амштеттен Amstetten
79%
Брегенц Bregenz
79%
Тульн Tulln
77%
Айзенштадт Eisenstadt
74%
Вельс Wels
74%
Филлах Villach
67%
Вёргль Wörgl
67%
Швац Schwaz
58%
Штайр Steyr
58%
Халлайн Hallein
56%
Гензерндорф Gänserndorf
42%
Перхтольдсдорф Perchtoldsdorf
33%
Keine übereinstimmenden Quizze gefunden
Verteilung der Resultate
Anzahl Personen mit jedem Resultat
Perzentil nach korrekt beantworteten Fragen
Ihre Resultats-Entwicklung
Sie haben dieses Quiz noch nicht gespielt